| 000 | 00731nam a2200241 i 4500 | ||
|---|---|---|---|
| 001 | 33430 | ||
| 003 | ES-MaACL | ||
| 005 | 20250822052639.0 | ||
| 007 | t| | ||
| 008 | 030202s1982 sp |||| | spa d | ||
| 080 | _a376 | ||
| 080 | _a372.41 | ||
| 100 | 1 |
_aBettelheim, Bruno. _928677 |
|
| 245 | 1 | 0 |
_aAprender a leer / _cBruno Bettelheim, Karen Zelan ; [traducción de Jordi Beltrán]. |
| 260 |
_aBarcelona : _bCrítica, _c[1982] |
||
| 300 |
_a294 p. ; _c20 cm. |
||
| 650 | 7 |
_aPsicología de la lectura _2embne _914069 |
|
| 650 | 0 | 4 |
_aLectura- _xEstudio y enseñanza _914062 |
| 700 | 1 |
_aZelan, Karen. _9118155 |
|
| 700 | 1 |
_aBeltrán, Jordi ( _d1941-) _927364 |
|
| 852 |
_aES-MaACL _jL-4557 |
||
| 999 |
_c33430 _d33430 |
||